Normal view
MARC view
Entry Término temático
001 - NÚMERO DE CONTROL
- campo de control: 49256
003 - IDENTIFICADOR DEL NÚMERO DE CONTROL
- campo de control: OSt
005 - FECHA Y HORA DE LA ÚLTIMA TRANSACCIÓN
- campo de control: 20240103155440.0
008 - DATOS DE LONGITUD FIJA
- campo de control de longitud fija: 240103|| aca||aabn | a|a d
040 ## - FUENTE DE LA CATALOGACIÓN
- Centro catalogador/agencia de origen: OSt
- Centro/agencia transcriptor: OSt
150 ## - ENCABEZAMIENTO--TÉRMINO DE MATERIA
- Término de materia o nombre geográfico como elemento de entrada: Creación del Colegio de Enfermeros Región Cusco
670 ## - FUENTE DE DATOS ENCONTRADOS
- Cita de la fuente: Work cat.: (OSt)22697: Zárate Escenarro, Urzula 48885, Historia de la Profesión de Enfermería en la Región Cusco 1950-2019 /, 2021.